000 00780nam a2200241Ia 4500
003 GCL
005 20240530102559.0
008 140319s9999 xx 000 0 ara d
040 _aGCL /
_cGCL
082 0 4 _a910.130132
_bا ا
100 1 _aاحمد على اسماعيل
245 1 0 _aاسس علم السكان وتطبيقاته الجغرافية /
_cاحمد على اسماعيل
250 _aط7
260 _aالقاهرة :
_bدار الثقافة للنشر والتوزيع ،
_c1989
300 _a323 ص؛
_b24 سم.
650 0 4 _aالعلم
650 0 4 _aالجغرافيا
650 0 4 _aالسكان
650 0 4 _aالجغرافيا البشرية
650 0 4 _aالجغرافيا الحيوية
650 0 4 _aالاحصائيات
942 _2ddc
_cBK
999 _c33175
_d33175